000 00439nam a2200181Ia 4500
001 4808
005 20260306145822.0
008 260306t1996||||xx |||||||||||||| ||spa||
041 _aESP
082 _a330.122
_bF49
100 _aFigueroa Arévalo, Adolfo.
_eAUT
245 0 _aTeorías económicas del capitalismo
260 _c1996
300 _a261 páginas :
_c23 cm.
650 _aGEN
654 _aCAN
942 _cLIB
_dJUS
_fJUS
_2ddc
_n
999 _c4808
_d4808